000 00855nam a2200265Ia 4500
003 OSt
005 20220928113639.0
006 a|||||r|||| 00| 0
007 ta
008 220927b |||||||| |||| 00| 0 eng d
020 _c4634.1899999999996
024 _a109027
037 _b30103, 04/09/2010, Segment Book Distributors
_cTextual
040 _aSDCL
_cSDCL
_beng
041 _2eng
_aeng
082 _aB28931, P9
100 _aPardalos Panos M Ed.
_9434176
245 0 _aLectures on global optimization.
260 _aRhode
_bIsland American Mathematical Society
_c2009
300 _avii,243p.
_ccm.
650 _aMathematics
700 _a Coleman Thomas F Ed.
_9434177
942 _hB28931, P9
_cTEXL
_2CC
999 _c750552
_d750552